| 000 | 00485nam a22001817a 4500 | ||
|---|---|---|---|
| 003 | OSt | ||
| 005 | 20151029161031.0 | ||
| 008 | 130308t xxu||||| |||| 00| 0 eng d | ||
| 020 | _a9780753709115 | ||
| 050 |
_aPS 2603 _b.P743 2007 |
||
| 082 |
_aIB 818.309 _bP75 2007 |
||
| 245 | _aThe complete illustrated works of edgar allan poe | ||
| 260 |
_aLondon _bBounty Books / Octopus Publishing Group _c2007 |
||
| 300 |
_a973 p. _c21 cm |
||
| 562 | _e1 | ||
| 942 |
_2lcc _cBK |
||
| 999 |
_c2298 _d2298 |
||